Quartett, Opus 22

Salvato in:
Dettagli Bibliografici
Autore principale: Webern, Anton (Autore)
Natura: Libro
Lingua:tedesco
Pubblicazione: Viena Universal 1932
Serie:UE, 10050
Soggetti:
Tags: Aggiungi Tag
Nessun Tag, puoi essere il primo ad aggiungerne!!

MARC

LEADER 00000nam a2200000 a 4500
001 UCQ3525
003 CL-VaPUC
005 20241206093626.0
008 980821e19320000AU |||||||||||||||||ger|d
999 |c 274074  |d 274072 
040 |c Pontificia Universidad Católica de Valparaíso 
082 0 4 |a Cu785.22  |b WEB  |2 21 
100 0 |a Webern, Anton  |e author  |9 327633 
245 1 0 |a Quartett, Opus 22 
260 |a Viena  |b Universal  |c 1932 
300 |a pág. irreg 
490 0 |a UE, 10050 
500 |a Incluye 4 partes instrumentales 
583 |a last modification  |c 19980821 00:00:00  |k Rodrigo Vera 
650 0 |a Cuarteto de cuerdas, vientos de madera, viento de bronce y piano  |2 CL-VaPUC  |9 417741 
650 0 |a Música para violín, clarinete, saxofón y piano  |2 CL-VaPUC  |9 417742 
650 0 |a Música contemporánea  |9 306742 
650 0 |a Compositores austríacos  |2 CL-VaPUC  |9 324827 
650 0 |a Música austríaca, siglo 20  |2 CL-VaPUC  |9 324828 
942 |c BK  |2 ddc 
945 |d 19980821 00:00:00  |a mvenant 
952 |0 0  |1 0  |4 0  |6 CU_785_220000000000000_WEB_1932  |7 0  |8 F  |9 310130  |a BIBEDU  |b BIBEDU  |d 2019-11-20  |i 345195K  |o Cu785.22 WEB 1932  |p 345195K  |r 2023-11-22  |w 2019-11-20  |y BK_F  |k MUS